<?xml version="1.0" encoding="UTF-8"?>
<collection xmlns="http://www.loc.gov/MARC21/slim">
 <record>
  <leader>02781cam a2200613   4500</leader>
  <controlfield tag="001">02657182X</controlfield>
  <controlfield tag="003">DE-627</controlfield>
  <controlfield tag="005">20240830160154.0</controlfield>
  <controlfield tag="007">tu</controlfield>
  <controlfield tag="008">870312s1981    au |||||      00| ||ger c</controlfield>
  <datafield tag="015" ind1=" " ind2=" ">
   <subfield code="a">86,A31,0629</subfield>
   <subfield code="2">dnb</subfield>
  </datafield>
  <datafield tag="016" ind1="7" ind2=" ">
   <subfield code="a">860671836</subfield>
   <subfield code="2">DE-101</subfield>
  </datafield>
  <datafield tag="020" ind1=" " ind2=" ">
   <subfield code="a">3850631095</subfield>
   <subfield code="9">3-85063-109-5</subfield>
  </datafield>
  <datafield tag="035" ind1=" " ind2=" ">
   <subfield code="a">(DE-627)02657182X</subfield>
  </datafield>
  <datafield tag="035" ind1=" " ind2=" ">
   <subfield code="a">(DE-576)025462563</subfield>
  </datafield>
  <datafield tag="035" ind1=" " ind2=" ">
   <subfield code="a">(DE-599)GBV02657182X</subfield>
  </datafield>
  <datafield tag="035" ind1=" " ind2=" ">
   <subfield code="a">(OCoLC)21444274</subfield>
  </datafield>
  <datafield tag="035" ind1=" " ind2=" ">
   <subfield code="a">(OCoLC)21444274</subfield>
  </datafield>
  <datafield tag="035" ind1=" " ind2=" ">
   <subfield code="a">(OCoLC)610940623</subfield>
  </datafield>
  <datafield tag="035" ind1=" " ind2=" ">
   <subfield code="a">(AT-OBV)AC01403430</subfield>
  </datafield>
  <datafield tag="040" ind1=" " ind2=" ">
   <subfield code="a">DE-627</subfield>
   <subfield code="b">ger</subfield>
   <subfield code="c">DE-627</subfield>
   <subfield code="e">rakwb</subfield>
  </datafield>
  <datafield tag="041" ind1=" " ind2=" ">
   <subfield code="a">ger</subfield>
  </datafield>
  <datafield tag="044" ind1=" " ind2=" ">
   <subfield code="c">XA-AT</subfield>
  </datafield>
  <datafield tag="050" ind1=" " ind2="0">
   <subfield code="a">ND511.5.A44</subfield>
  </datafield>
  <datafield tag="084" ind1=" " ind2=" ">
   <subfield code="a">46</subfield>
   <subfield code="2">sdnb</subfield>
  </datafield>
  <datafield tag="084" ind1=" " ind2=" ">
   <subfield code="a">9,10</subfield>
   <subfield code="2">ssgn</subfield>
  </datafield>
  <datafield tag="084" ind1=" " ind2=" ">
   <subfield code="a">LL 15700</subfield>
   <subfield code="2">rvk</subfield>
   <subfield code="0">(DE-625)rvk/99040:</subfield>
  </datafield>
  <datafield tag="245" ind1="1" ind2="4">
   <subfield code="a">Der Albrechtsaltar und sein Meister</subfield>
   <subfield code="c">hrsg. von Floridus Röhrig. Beitr. von Ingrid Karl ... Farbaufnahmen von Ingrid Schindler und Wladimir Narbutt-Lieven</subfield>
  </datafield>
  <datafield tag="264" ind1=" " ind2="1">
   <subfield code="a">Wien</subfield>
   <subfield code="b">Edition Tusch</subfield>
   <subfield code="c">1981</subfield>
  </datafield>
  <datafield tag="300" ind1=" " ind2=" ">
   <subfield code="a">175 S.</subfield>
   <subfield code="b">zahlr. Ill.</subfield>
   <subfield code="c">33 cm</subfield>
  </datafield>
  <datafield tag="336" ind1=" " ind2=" ">
   <subfield code="a">Text</subfield>
   <subfield code="b">txt</subfield>
   <subfield code="2">rdacontent</subfield>
  </datafield>
  <datafield tag="337" ind1=" " ind2=" ">
   <subfield code="a">ohne Hilfsmittel zu benutzen</subfield>
   <subfield code="b">n</subfield>
   <subfield code="2">rdamedia</subfield>
  </datafield>
  <datafield tag="338" ind1=" " ind2=" ">
   <subfield code="a">Band</subfield>
   <subfield code="b">nc</subfield>
   <subfield code="2">rdacarrier</subfield>
  </datafield>
  <datafield tag="500" ind1=" " ind2=" ">
   <subfield code="a">Literatur zum Albrechtsmeister S. 163</subfield>
  </datafield>
  <datafield tag="583" ind1="1" ind2=" ">
   <subfield code="a">Archivierung/Langzeitarchivierung gewährleistet</subfield>
   <subfield code="f">SSG</subfield>
   <subfield code="x">XA-DE-BW</subfield>
   <subfield code="2">pdager</subfield>
   <subfield code="5">DE-16</subfield>
  </datafield>
  <datafield tag="583" ind1="1" ind2=" ">
   <subfield code="a">Archivierung prüfen</subfield>
   <subfield code="c">20240324</subfield>
   <subfield code="f">DE-4165</subfield>
   <subfield code="z">1</subfield>
   <subfield code="2">pdager</subfield>
  </datafield>
  <datafield tag="653" ind1=" " ind2="0">
   <subfield code="a">Master of the Albtecht Altar</subfield>
   <subfield code="a">fl. 1430-1450</subfield>
   <subfield code="a">Albrecht Altar</subfield>
  </datafield>
  <datafield tag="653" ind1=" " ind2="0">
   <subfield code="a">Christian art and symbolism</subfield>
   <subfield code="a">Austria</subfield>
   <subfield code="a">Klosterneuburg</subfield>
   <subfield code="a">Medieval, 500-1500</subfield>
  </datafield>
  <datafield tag="653" ind1=" " ind2="0">
   <subfield code="a">Stift Klosterneuburg</subfield>
  </datafield>
  <datafield tag="689" ind1="0" ind2="0">
   <subfield code="d">p</subfield>
   <subfield code="0">(DE-588)118810235</subfield>
   <subfield code="0">(DE-627)694946214</subfield>
   <subfield code="0">(DE-576)209551992</subfield>
   <subfield code="a">Meister des Albrecht-Altars</subfield>
   <subfield code="2">gnd</subfield>
  </datafield>
  <datafield tag="689" ind1="0" ind2=" ">
   <subfield code="5">DE-101</subfield>
  </datafield>
  <datafield tag="689" ind1="1" ind2="0">
   <subfield code="d">u</subfield>
   <subfield code="0">(DE-588)4122507-7</subfield>
   <subfield code="0">(DE-627)701476834</subfield>
   <subfield code="0">(DE-576)20955200X</subfield>
   <subfield code="a">Meister des Albrecht-Altars</subfield>
   <subfield code="t">Albrecht-Altar</subfield>
   <subfield code="2">gnd</subfield>
  </datafield>
  <datafield tag="689" ind1="1" ind2=" ">
   <subfield code="5">(DE-627)</subfield>
  </datafield>
  <datafield tag="700" ind1="1" ind2=" ">
   <subfield code="a">Röhrig, Floridus</subfield>
   <subfield code="d">1927-2014</subfield>
   <subfield code="e">Hrsg.</subfield>
   <subfield code="0">(DE-588)130135887</subfield>
   <subfield code="0">(DE-627)49172070X</subfield>
   <subfield code="0">(DE-576)298018446</subfield>
   <subfield code="4">edt</subfield>
  </datafield>
  <datafield tag="700" ind1="1" ind2=" ">
   <subfield code="a">Karl, Ingrid</subfield>
   <subfield code="4">oth</subfield>
  </datafield>
  <datafield tag="700" ind1="1" ind2=" ">
   <subfield code="a">Schindler, Ingrid</subfield>
   <subfield code="e">Ill.</subfield>
   <subfield code="0">(DE-627)1232911674</subfield>
   <subfield code="0">(DE-576)16291167X</subfield>
   <subfield code="4">ill</subfield>
  </datafield>
  <datafield tag="787" ind1="0" ind2="8">
   <subfield code="i">Rezensiert in</subfield>
   <subfield code="a">Strieder, Peter, 1913 - 2013</subfield>
   <subfield code="t">[Rezension von: Der Albrechtsaltar und sein Meister]</subfield>
   <subfield code="d">1984</subfield>
   <subfield code="w">(DE-627)185245041X</subfield>
  </datafield>
  <datafield tag="935" ind1=" " ind2=" ">
   <subfield code="i">Blocktest</subfield>
  </datafield>
  <datafield tag="936" ind1="r" ind2="v">
   <subfield code="a">LL 15700</subfield>
   <subfield code="b">Klosterneuburg</subfield>
   <subfield code="k">Kunstgeschichte</subfield>
   <subfield code="k">Kunst nach Ländern bzw. Kontinenten</subfield>
   <subfield code="k">Österreich (Habsburger Monarchie in verschiedener territorialer Ausdehnung; Republik Österreich)</subfield>
   <subfield code="k">Kunsttopografie Österreichs</subfield>
   <subfield code="k">Alphabetische Liste der österreichischen Orte</subfield>
   <subfield code="k">Orte K</subfield>
   <subfield code="k">Klosterneuburg</subfield>
   <subfield code="0">(DE-627)1271303043</subfield>
   <subfield code="0">(DE-625)rvk/99040:</subfield>
   <subfield code="0">(DE-576)201303043</subfield>
  </datafield>
  <datafield tag="951" ind1=" " ind2=" ">
   <subfield code="a">BO</subfield>
  </datafield>
  <datafield tag="990" ind1=" " ind2=" ">
   <subfield code="a">Meister des Albrecht-Altars</subfield>
  </datafield>
  <datafield tag="990" ind1=" " ind2=" ">
   <subfield code="a">Meister des Albrecht-Altars / Albrecht-Altar</subfield>
  </datafield>
  <datafield tag="991" ind1=" " ind2=" ">
   <subfield code="a">Rezensiertes Werk</subfield>
  </datafield>
  <datafield tag="999" ind1=" " ind2=" ">
   <subfield code="a">KXP-PPN02657182X</subfield>
   <subfield code="e">4374036806</subfield>
  </datafield>
 </record>
</collection>
